000 00206nam a2200097Ia 4500
999 _c8655
_d8655
100 _aS.M.Yusuf
245 0 _aMathematical Methods
260 _aLahore
_bIlmi Kitab Khana
_c2000
300 _a380
942 _cBK